Environmental Studies (Record no. 226770)
[ view plain ]
| 000 -LEADER | |
|---|---|
| fixed length control field | 00661nam a22002417a 4500 |
| 005 - DATE AND TIME OF LATEST TRANSACTION | |
| control field | 20230221113726.0 |
| 008 - FIXED-LENGTH DATA ELEMENTS--GENERAL INFORMATION | |
| fixed length control field | 230221b ||||| |||| 00| 0 eng d |
| 020 ## - INTERNATIONAL STANDARD BOOK NUMBER | |
| International Standard Book Number | 8128006576 |
| 040 ## - CATALOGING SOURCE | |
| Transcribing agency | AL |
| 041 ## - LANGUAGE CODE | |
| Language code of text/sound track or separate title | English |
| 082 ## - DEWEY DECIMAL CLASSIFICATION NUMBER | |
| Edition number | 23 |
| Classification number | 574.5 |
| Item number | NANE |
| 100 ## - MAIN ENTRY--PERSONAL NAME | |
| Personal name | N Nandini and others |
| 100 ## - MAIN ENTRY--PERSONAL NAME | |
| 9 (RLIN) | 72782 |
| 245 ## - TITLE STATEMENT | |
| Title | Environmental Studies |
| 250 ## - EDITION STATEMENT | |
| Edition statement | 7 |
| 260 ## - PUBLICATION, DISTRIBUTION, ETC. | |
| Place of publication, distribution, etc. | Bangalore |
| Name of publisher, distributor, etc. | Sapna Book House |
| Date of publication, distribution, etc. | 2012 |
| 300 ## - PHYSICAL DESCRIPTION | |
| Extent | 453 p. |
| Other physical details | PB |
| Dimensions | 23x17 cm. |
| 365 ## - TRADE PRICE | |
| Price type code | 7853 |
| Price amount | ₹640.00 |
| Currency code | ₹ |
| Unit of pricing | ₹800.00 |
| Price note | 20% |
| Price effective from | 13-02-2023 |
| 650 ## - SUBJECT ADDED ENTRY--TOPICAL TERM | |
| Topical term or geographic name entry element | Ecology |
| 9 (RLIN) | 72776 |
| 700 ## - ADDED ENTRY--PERSONAL NAME | |
| Personal name | NANDINI (N) |
| 9 (RLIN) | 72777 |
| 700 ## - ADDED ENTRY--PERSONAL NAME | |
| Personal name | SUNITHA (N) |
| 9 (RLIN) | 72778 |
| 700 ## - ADDED ENTRY--PERSONAL NAME | |
| Personal name | TANDON (Sucharita) |
| 9 (RLIN) | 72779 |
| 942 ## - ADDED ENTRY ELEMENTS (KOHA) | |
| Source of classification or shelving scheme | Dewey Decimal Classification |
| Koha item type | Book |
| Withdrawn status | Lost status | Source of classification or shelving scheme | Damaged status | Not for loan | Collection code | Home library | Current library | Date acquired | Source of acquisition | Cost, normal purchase price | Total Checkouts | Total Renewals | Full call number | Barcode | Date last seen | Date last checked out | Cost, replacement price | Price effective from | Koha item type |
|---|---|---|---|---|---|---|---|---|---|---|---|---|---|---|---|---|---|---|---|
| Dewey Decimal Classification | Botany | St Aloysius Library | St Aloysius Library | 02/20/2023 | Biblios Book Point Surathkal Mangalore 575014 | 640.00 | 2 | 1 | 574.5 NANE | 076399 | 04/28/2023 | 03/31/2023 | 800.00 | 02/21/2023 | Book |